| 000 | 00718ntaaa2200229 4500 | ||
|---|---|---|---|
| 003 | 01 | ||
| 005 | 20251027203036.0 | ||
| 008 | 0714s1973 ag 01 | ||
| 020 | _a8471513935 | ||
| 040 |
_aAR-BaBN _bspa _cAR-BaBN _eaacr _dRIC |
||
| 082 | _a263.9100 Se8e | ||
| 100 |
_aSéve, André _915314 |
||
| 245 | _aEl evangelio de los domingos | ||
| 250 | _a1 ed. | ||
| 260 |
_aEstella : _bVerbo Divino, _c1984 |
||
| 300 |
_a241 p ; _c24 cm |
||
| 500 | _aReflexiones para cada uno de los domingos del ciclo litúrgicos. Contiene indice de temas y Tabla de los domingos y fiestas. | ||
| 650 |
_aAño Liturgico _920059 |
||
| 650 | _aMeditaciones Catolicas | ||
| 650 |
_aBiblia-Nuevo Testamento-Evangelios _96719 |
||
| 942 | _cBK | ||
| 999 |
_c25781 _d25781 |
||